| 000 | 00912nam a2200265 a 4500 | ||
|---|---|---|---|
| 001 | BRCA_4848 | ||
| 005 | 20190320204829.0 | ||
| 008 | 131010c1975----it-ao#####---#000-0#eng-# | ||
| 041 | _aeng | ||
| 044 | _ait | ||
| 050 | 4 |
_aPG7297 _b.L39 1975 |
|
| 245 | 1 | 0 |
_aLazio _cby Andrea Caizzi... [et al.] ; texts translated by Rudolf G. Carpanini and Richard McKeon Sadleir. |
| 260 |
_aItalia _bElecta _c1975 |
||
| 300 |
_a521 p. _bil.(algunas a color) , 471 láminas _c31 cm. |
||
| 440 | 0 |
_aBanca Nacionale del Laboro _912275 |
|
| 500 | _aIncluye índice de ilustraciones | ||
| 500 | _aColección Sonia Corcuera de Mancera | ||
| 504 | _aBibliografía : p. 507-509 | ||
| 651 | 4 |
_aLazio _vCatálogos _xarte e historia _zItalia _912276 |
|
| 700 | 1 |
_aCarpanini, Rudolf G. _eTraductor _912277 |
|
| 700 | 1 |
_aMcKeon Sadleir, Richard _eTraductor _912278 |
|
| 700 | 1 |
_aCaizzi, Andrea _912279 |
|
| 902 | _aDSC | ||
| 942 |
_2lcc _cB |
||
| 999 |
_c4542 _d4542 |
||